|
|
|
|
| LEADER |
00000nab a2200000 a 4500 |
| 001 |
vtls010645204 |
| 003 |
SK-MaSNL |
| 005 |
20260318114644.0 |
| 008 |
150107c20140722xo drzp 0 0hun |
| 038 |
|
|
|a RVGKPD
|
| 040 |
|
|
|a RVGKPD
|b slo
|c RVGKPD
|e AACR2
|
| 041 |
0 |
|
|a slo
|
| 044 |
|
|
|a xo
|c SK
|
| 080 |
|
|
|a 379.83
|2 2008
|
| 100 |
1 |
|
|a Tokár, Géza
|4 aut
|9 871056
|
| 245 |
1 |
0 |
|a Táborunk Krasznahorkán
|c Tokár Géza
|
| 611 |
|
7 |
|2 rvgkpd
|
| 630 |
0 |
7 |
|2 rvgkpd
|
| 650 |
0 |
7 |
|2 rvgkpd
|
| 650 |
0 |
7 |
|a prázdninové tábory
|2 rvgkpd
|9 71360
|
| 651 |
|
7 |
|a Krásnohorské Podhradie (Slovensko)
|2 rvgkpd
|9 26876
|
| 651 |
|
7 |
|a Rožňava (Slovensko : okres)
|2 rvgkpd
|9 19215
|
| 773 |
0 |
|
|t Új Szó
|g Évf. 67 (22.7.2014)
|x 1335-7050
|
| 852 |
|
|
|a RVGKPD
|b KIS3G
|
| 856 |
4 |
1 |
|u http://ujszo.com/online/velemeny-es-hatter/2014/07/22/taborunk-krasznahorkan
|
| 992 |
|
|
|a RBX
|
| 999 |
|
|
|c 3327739
|d 3329669
|